000 00841nam a2200241 4500
003 OSt
005 20240709015000.0
006 a
008 240709b |||||||| |||| 00| 0 eng d
020 _a97897123032
040 _aDWCL-Main lib.
_cOC
082 _2Second edition
_aGR. 306.59 K56u 2009
110 _aThelma Kintanar
245 _aUniversity of the Philippines cultural dictionary for Filipinos /
260 _aQuezon City :
_bUniversity of the Philippines Press, Kalayaan College, Anvil Pub., Inc.,
_cc2009.
300 _axxi,
_b1064 p. : ill. ;
_c25 cm.
504 _aIncludes bibliographical references and index.
650 _a1. Educational anthropology-Philippines.
650 _a2. Culture.
650 _a3. Multicultural education-Philippines.
650 _a4. Literacy-Philippines.
942 _2ddc
_n0
_cGR
_kGR.
999 _c2119
_d2119